History Quiz

Random History or State Quiz

Original 13 Colonies Quiz Stats

 Plays Quiz Updated Mar 18, 2020

Support Sporcle.
Go Orange.
Score 0/13 Timer 01:30
39 Plays Today
Founded Colony % Correct
1664New York
89.8%
1607Virginia
89.7%
1653North Carolina
78.5%
1663South Carolina
77.3%
1620Massachusetts
75.9%
1638Delaware
74.9%
1682Pennsylvania
73%
1732Georgia
72.4%
1636Rhode Island
72.3%
1634Maryland
71.4%
1664New Jersey
70.9%
1623New Hampshire
66.6%
1635Connecticut
65.6%

From the Vault

Seemingly Unrelated Trivia VII

by sproutcm

It's sort of like those Magic Eye posters. You've got to get just the right angle.
Remove Ads.
Support Sporcle.
Get the best of Sporcle when you Go Orange. This ad-free experience offers more features, more stats, and more fun while also helping to support Sporcle. Thank you for becoming a member.

Show Comments

Extras

Top Quizzes Today


Score Distribution

Your Account Isn't Verified!

In order to create a playlist on Sporcle, you need to verify the email address you used during registration. Go to your Sporcle Settings to finish the process.

Report this User

Report this user for behavior that violates our Community Guidelines.

Details: